Competition policy and MERCOSUR / (Record no. 542953)
[ view plain ]
| 000 -LEADER | |
|---|---|
| fixed length control field | 00624cam a2200181 a 4500 |
| 020 ## - INTERNATIONAL STANDARD BOOK NUMBER | |
| International Standard Book Number | 0821340557 (pbk.) |
| 082 00 - DEWEY DECIMAL CLASSIFICATION NUMBER | |
| Classification number | 382.30968 |
| Author Mark | COM |
| -- | D |
| 100 1# - MAIN ENTRY--PERSONAL NAME | |
| Personal name | Rowat, Malcolm, |
| 9 (RLIN) | 38333 |
| 245 00 - TITLE STATEMENT | |
| Title | Competition policy and MERCOSUR / |
| Statement of responsibility, etc. | Malcolm Rowat, Michele Lubrano, Rafael Porrata. |
| 260 ## - PUBLICATION, DISTRIBUTION, ETC. | |
| Place of publication, distribution, etc. | Washington, D.C. : |
| Name of publisher, distributor, etc. | World Bank, |
| Date of publication, distribution, etc. | 1997. |
| 300 ## - PHYSICAL DESCRIPTION | |
| Extent | xviii, 110 p. ; |
| Dimensions | 28 cm. |
| 526 ## - STUDY PROGRAM INFORMATION NOTE | |
| Program name | 0 |
| Interest level | 0 |
| Reading level | 0 |
| Title point value | 382_309680000000000_COM |
| 650 #0 - SUBJECT ADDED ENTRY--TOPICAL TERM | |
| Topical term or geographic name entry element | Competition |
| General subdivision | Government policy |
| Geographic subdivision | Southern Cone of South America. |
| 9 (RLIN) | 38334 |
| 650 #0 - SUBJECT ADDED ENTRY--TOPICAL TERM | |
| Topical term or geographic name entry element | MCE |
| 9 (RLIN) | 379 |
| 700 1# - ADDED ENTRY--PERSONAL NAME | |
| Personal name | Lubrano, Michele. |
| 9 (RLIN) | 38335 |
| 700 1# - ADDED ENTRY--PERSONAL NAME | |
| Personal name | Porrata, Rafael. |
| 9 (RLIN) | 38336 |
| 942 ## - ADDED ENTRY ELEMENTS (KOHA) | |
| Source of classification or shelving scheme | |
| Koha item type | Book |
| Withdrawn status | Lost status | Source of classification or shelving scheme | Damaged status | Not for loan | Permanent Location | Current Location | Date acquired | Total Checkouts | Full call number | Barcode | Date last seen | Price effective from | Koha item type |
|---|---|---|---|---|---|---|---|---|---|---|---|---|---|
| Military College of Engineering (MCE) | Military College of Engineering (MCE) | 02/26/2014 | 382.30968 COM | MCE-42696 | 02/26/2014 | 02/26/2014 | Book |
